Countries With the Letter O - Statistics

General Stats
  • This quiz has been taken 162 times
    153 since last reset
  • The average score is 58 of 67
Answer Stats
Countries % Correct
Norway
96%
Oman
95%
South Africa
94%
South Korea
94%
Bolivia
93%
Mexico
93%
Morocco
93%
North Korea
93%
Poland
93%
Portugal
93%
Bosnia andHerzegovina
92%
Democratic Republicof the Congo
92%
Dominica
92%
Dominican Republic
92%
Colombia
91%
Slovenia
91%
Costa Rica
90%
North Macedonia
90%
Romania
90%
San Marino
90%
Croatia
89%
Slovakia
89%
Ecuador
88%
Estonia
88%
Jordan
88%
Laos
88%
Monaco
88%
Republic ofthe Congo
88%
Indonesia
87%
Lesotho
87%
Somalia
87%
South Sudan
87%
Togo
87%
Tonga
87%
Andorra
86%
Botswana
86%
Mongolia
86%
United Kingdom
86%
United Statesof America
86%
Comoros
85%
Honduras
85%
Lebanon
85%
Angola
84%
Samoa
84%
Singapore
84%
Ethiopia
83%
Montenegro
83%
Barbados
82%
Cambodia
82%
Sao Tome andPrincipe
82%
Trinidad andTobago
82%
Georgia
81%
Kosovo
81%
Luxembourg
81%
Moldova
81%
El Salvador
80%
Solomon Islands
80%
East Timor
79%
Federated Statesof Micronesia
79%
Gabon
79%
Mozambique
79%
Cameroon
78%
Equatorial Guinea
78%
Ivory Coast
78%
Burkina Faso
75%
Djibouti
74%
Sierra Leone
67%
No matching quizzes found
Score Distribution
Percent of People with Each Score
Percentile by Number Answered
Your Score History
You have not taken this quiz since the last reset